| 000 | 00968nam a2200217 a 4500 | ||
|---|---|---|---|
| 001 | 000235102 | ||
| 003 | AM-YeHGA | ||
| 005 | 20250618071604.0 | ||
| 008 | 030616s1989 ai 000 | arm d | ||
| 020 | _a5807702220 | ||
| 040 | _aAM-YeHGA | ||
| 100 | 1 | _aԼեսինգ, Գ.Ա | |
| 245 | 1 | 0 |
_aԱրձակ առակներ : _bԴպր. միջին և բարձր տարիքի համար / _cԳ. Լեսինգ; Թարգմ. և վերջաբ.՝ Ա. Առաքելյան; Խմբ.՝ Ջ.Մ. Ղազարյան; Նկ.՝ Ս. Սաֆյան. |
| 260 |
_aԵրևան : _bԱրևիկ, _c1989. |
||
| 300 |
_a110 էջ : _bգունանկ. ; _c15 սմ. |
||
| 650 | 1 | 4 |
_aԳերմանական գրականություն _xԱռակ |
| 700 | 1 |
_aԱռաքելյան, Ա. _eթարգմ. _4trl _eվերջաբ. _4aft |
|
| 700 | 1 |
_aՂազարյան, Ջուլիետա Միհրանի, _d1934- _eխմբ. _4edt _91876 |
|
| 700 | 1 |
_aՍաֆյան, Սպարտակ Գևորգի, _d1929-2001 _eնկ. _4art _94028 |
|
| 090 | _c84368 | ||
| 999 |
_c83094 _d83094 |
||